000 00571nam a2200181 i 4500
001 66086
003 ES-MaACL
005 20230906165536.0
007 t|
008 040127s1972 sp ||||1| spa d
100 1 _aGabor, Aron.
_953143
245 1 3 _aLa URRS, esa desconocida
_b: penas y alegrías de Ivan Ivanovich /
_cAron Gabor ; [traducción Mayte Valenti Celaya].
250 _a[1ª ed.].
260 _aBarcelona :
_bBruguera,
_c[1972]
300 _a214 p., 16 lám. ;
_c18 cm.
700 1 _aValenti Celaya, Mayte.
_9112599
852 _aES-MaACL
_jC-48683
_bR.81064
999 _c66086
_d66086